| 000 | 01412cam a2200397 a 4500 | ||
|---|---|---|---|
| 001 | 42771499 | ||
| 003 | OCoLC | ||
| 005 | 20180830224902.0 | ||
| 008 | 991008s2000 nyua j 000 0 spa | ||
| 010 | _a99052377 | ||
| 020 |
_a0439173094 (pbk.) : _c$3.99 |
||
| 040 |
_aDLC _cDLC _dIG# _dOCLCQ _dBAKER _dSX@ |
||
| 041 | 1 |
_aspa _heng |
|
| 042 |
_apcc _alcac |
||
| 049 | _aSX@A | ||
| 082 | 0 | 0 |
_a628.9/22 _221 |
| 099 | _aMarzollo, J. | ||
| 100 | 1 | _aMarzollo, Jean. | |
| 240 | 1 | 0 |
_aI am fire. _lSpanish. |
| 245 | 1 | 0 |
_aSoy el fuego / _cpor Jean Marzollo ; ilustrado por Judith Moffatt. |
| 260 |
_aNew York : _bScholastic, _cc2000. |
||
| 300 |
_a1 v. (unpaged) : _bcol. ill. ; _c23 cm. |
||
| 490 | 1 | _aHola, lector! Ciencias. Nivel 1. | |
| 490 | 1 |
_aHello science reader! Level 1 _lSpanish. |
|
| 490 | 1 | _aScholastic en espanol. Nivel 1. | |
| 520 | _aExplains the difference between good fire, which can be used safely for cooking and providing warmth, and bad fire, which can cause burns or destroy property. | ||
| 650 | 0 |
_aFire prevention _vJuvenile literature. |
|
| 650 | 0 |
_aFire _vJuvenile literature. |
|
| 650 | 0 | _aSpanish language materials. | |
| 650 | 7 |
_aMateriales en espa©łol. _2qlsp. |
|
| 700 | 1 |
_aMoffatt, Judith, _eill. |
|
| 830 | 0 |
_aHello science reader!. _nLevel 1. _lSpanish. |
|
| 830 | 0 |
_aHola, lector! _pCiencias. _nNivel 1. |
|
| 830 | 0 |
_aScholastic en espanol. _nNivel 1. |
|
| 942 | _cBK | ||
| 999 |
_c21263 _d21263 |
||